000 01786nam0a2200409 4500
001 RU\NLR\bibl\1843414
005 20260406114122.0
010 _a978-5-699-50894-5
_93000
021 _aRU
_b2011-88381
_96307
035 _a(nilc)RSL-KNO-005077163
035 _a(NLR Aleph) 001833861
090 _a2176934
_c2176934
100 _a20111114d2012 |||y0rusy50 ca
101 1 _arus
_aeng
102 _aRU
105 _aa zzzz|||||
200 1 _aПриключения Тома Сойера
_dThe adventures of Tom Sawyer
_fМарк Твен
_g[адапт. и пер. текста, сост. слов., упражнений и коммент. Е. В. Карпенко]
_zeng
210 _aМосква
_cЭксмо
_d2012 [т. е. 2011]
215 _a287 с.
_cил.
_d22
_e1 электрон. опт. диск (CD-ROM)
225 1 _aБилингва
225 1 _aСлушаем, читаем, понимаем
300 _aАвт. также на англ. яз.: Mark Twain
300 _aКн. фактически изд. в 2011 г.
300 _aТекст парал. англ., рус.
510 1 _6z45790
_aAdventures of Tom Sawyer
_zeng
606 1 _aАнглийский язык
_jКниги для чтения
_9972309
_3RU\NLR\auth\6646032
686 _aШ143.21-947
_2rubbk
686 _aШ143.21-93рус91
700 1 _4070
_8rus
_7ca
_aТвен
_bМ.
_f1835-1910
_gМарк
_3RU\NLR\auth\77201
_9110265
702 1 _4220
_8rus
_7ca
_aКарпенко
_bЕ. В.
_gЕлена Владимировна
_3RU\NLR\auth\7759734
_942665
790 1 _4070
_8eng
_7ba
_aTwain
_bM.
_f1835-1910
_gMark
_3RU\NLR\auth\7759057
_941989
801 0 _aRU
_bRuMoRKP
_c20111114
_grcr
801 1 _aRU
_bRuMoRGB
_c20111114
801 2 _aRU
_bNLR
_c20111205
_grcr
942 _cBOOK
980 _aNB
980 _aNBR